00813nam a2200193 a 450000100100000000500170001000800410002702000200006802000200008804000250010810000290013324501840016226000820034630000170042850500380044550000730048370000320055670000310058800004152220201002035624.0131009s1987 sp 000 0 spa d a8400065549(v.1) a8400066626(v.2) aDO-SdBNPbspacBNPHU1 aAldea Vaquero, Quintín10aIglesia y Sociedad en la España del siglo XX :bcatolicismo social (1909 - 1940). 1, 1909 - 1917 /cQuintín Aldea Vaquero, Joaquín García Granda, Jesús Martín Tejedor. aMadrid :bConsejo Superior de Investigaciones Científicas (Espña),c1987. av. ;c24 cm.0 av. 1t1909-1917gv. 2t1918- 1920 aIncluye referencias bibliográficas y notas al pie de las páginas1 aGarcía Granda, Joaquín,1 aMartín Tejedor, Jesús,